000 00452nam a22001337a 4500
005 20260616172649.0
008 181129b ||||| |||| 00| 0 eng d
040 _cPK-LaUMT
082 _aRHC 297.74
_bABU-N
100 1 _aMaududi, Syed Abul Ala
_911418
245 _aNahuzat wa mansobeen aan (نہضت و منسوبین آن)(فارسی) /
_cAbul Ala Maududi
260 _aلاہور:
_bدارالعروبہ للدعوۃ الاسلامیہ
942 _cBK
999 _c109161
_d109161